00654 2200241 4500001002100000005001700021008004100038020002200079035002400101041000800125043001200133082001000145090002000155100001900175245008400194250001000278260003000288300003300318650001800351700000900369850001200378999002200390YOGYA-0511000000139120110524110403.0 ind  a978-602-8811-17-0 0010-051100000001390 aInd aYOPDYOG a741.5 aDep 741.5 Ari P aARISTO, Salman aPolitweetbMenjepret Politik Indonesia dalam komikcSalam Aristo;ilustrasi;Miko acet 1 aYogyakartabBentangc2010 av, 128 hlmbilusc15 x 21 cm aKomik, bacaan aMiko aYOPDYOG aCB-D.11 2010-1378